000 00689nam a2200229 a 4500
001 1216159
005 20260116174436.0
008 990402s1999 maua b 001 0 eng
020 _a0256255342
020 _a9780256255348
050 0 0 _aHF5635
_b.P975 1999
082 0 0 _a657
_221
100 1 _aLarson, Kermit D.
245 1 0 _aFundamental accounting principles /
_cKermit D. Larson, John J. Wild, Barbara Chiappetta.
250 _a15th ed.
260 _aBoston :
_bIrwin McGraw-Hill,
_cc1999.
300 _a1 v. (various pagings) :
_bill. (some col.) ;
_c29 cm.
650 0 _aAccounting.
700 1 _aWild, John J.
700 1 _aChiappetta, Barbara.
942 _2lcc
_cBK
_e15th Ed.
_n0
999 _c8588
_d8588